<?xml version="1.0" encoding="UTF-8"?>
<collection xmlns="http://www.loc.gov/MARC21/slim">
 <record>
  <leader>01133ngm a22002295a 4500</leader>
  <controlfield tag="001">CEM.cems020607</controlfield>
  <controlfield tag="008">231106s1998####xx#---############vlund#d</controlfield>
  <controlfield tag="005">20231106205741.0</controlfield>
  <datafield tag="245" ind1="1" ind2="0">
   <subfield code="a">Enemigo público</subfield>
   <subfield code="h">[videograbación] /</subfield>
   <subfield code="c">Tony Scott.</subfield>
  </datafield>
  <datafield tag="260" ind1=" " ind2=" ">
   <subfield code="a">Estados Unidos :</subfield>
   <subfield code="b">Buena Vista Pictures,</subfield>
   <subfield code="c">1998.</subfield>
  </datafield>
  <datafield tag="300" ind1=" " ind2=" ">
   <subfield code="a">126'.</subfield>
  </datafield>
  <datafield tag="520" ind1=" " ind2=" ">
   <subfield code="a">La feliz vida familiar y la brillante carrera del abogado Robert Clayton Dean están a punto de desmoronarse, cuando llega a sus manos una cinta de vídeo que contiene imágenes del asesinato de un miembro del Congreso de los Estados Unidos, en el que aparecen involucrados agentes del Gobierno.</subfield>
  </datafield>
  <datafield tag="590" ind1=" " ind2=" ">
   <subfield code="a">Identificación anterior: 263</subfield>
  </datafield>
  <datafield tag="538" ind1=" " ind2=" ">
   <subfield code="a">Soporte: DVD -- Formato: AVI  Peso: 1.18gb -- Resolución: 512 x 288 -- 25 fps</subfield>
  </datafield>
  <datafield tag="500" ind1=" " ind2=" ">
   <subfield code="a">Título original: Enemy of the State  Idioma: Inglés  Subtítulos: Español.</subfield>
  </datafield>
  <datafield tag="100" ind1="1" ind2=" ">
   <subfield code="a">Scott, Tony.</subfield>
  </datafield>
  <datafield tag="700" ind1="1" ind2=" ">
   <subfield code="a">Smith, Will; Reparto.</subfield>
  </datafield>
  <datafield tag="700" ind1="1" ind2=" ">
   <subfield code="a">Hackman, Gene; Reparto.</subfield>
  </datafield>
  <datafield tag="710" ind1="2" ind2=" ">
   <subfield code="a">Touchstone Pictures.</subfield>
  </datafield>
  <datafield tag="653" ind1=" " ind2=" ">
   <subfield code="a">LARGOMETRAJE</subfield>
  </datafield>
  <datafield tag="653" ind1=" " ind2=" ">
   <subfield code="a">FICCIÓN</subfield>
  </datafield>
  <datafield tag="859" ind1=" " ind2=" ">
   <subfield code="a">CEMS</subfield>
   <subfield code="b">BIB. CEMS - Depto. Recursos Didacticos</subfield>
   <subfield code="h">778.5</subfield>
   <subfield code="i">SCO-6</subfield>
   <subfield code="k">DRD</subfield>
   <subfield code="p">3206.23</subfield>
   <subfield code="t">Ej.1</subfield>
  </datafield>
 </record>
</collection>
